Представление документа в формате MARC21

Поле Инд. ПП Название Значение
Тип записи a
Библиографический уровень m
001 Контрольный номер RU/IS/BASE/225384471
005 Дата корректировки 20170116100900.1
020 00 a ISBN 5-244-00889-7
c Цена, тираж 41-20
020 00 a ISBN 5-244-00456-5
c Цена, тираж 100-00
084 a Индекс другой классификации/Индекс ББК 63.3(4)
090 a Полочн. индекс 63.3(3)
x Авторский знак М 24
100 _0 a Автор Манфред А. З.
245 _0 a Заглавие Наполеон Бонапарт
250 00 a Основные сведения об издании 2-е изд. ; 5-е изд.
260 _0 a Место издания Москва
b Издательство Мысль
c Дата издания 1998
c Дата издания 1989
c Дата издания 1973
300 00 a Объем 624 с., 733 с.
440 00 a Серия Всемирная история в лицах
600 14 a Персоналии Наполеон I Бонапарт, французский политик
650 00 a Основная рубрика Франция-История, 18-19 вв.-Персоналии
653 00 a Ключевые слова Французская революция 1789-1799 гг.
653 1_ a Ключевые слова История Франции
901 t Тип документа m
990 00 f Даты поступлений (DOS) 11.99